Normal view
MARC view
- ايفلاند، ويلبر كرين؛ ترجمة حداد، علي
Entry Personal Name
001 - CONTROL NUMBER
- control field: 38024
003 - CONTROL NUMBER IDENTIFIER
- control field: JO-AjAnu
005 - DATE AND TIME OF LATEST TRANSACTION
- control field: 20230606080333.0
008 - FIXED-LENGTH DATA ELEMENTS
- fixed length control field: 230606|| aca||aabn | a|a d
040 ## - CATALOGING SOURCE
- Original cataloging agency: JO-AjAnu
- Transcribing agency: JO-AjAnu
100 ## - HEADING--PERSONAL NAME
- Personal name: ايفلاند، ويلبر كرين؛ ترجمة حداد، علي
670 ## - SOURCE DATA FOUND
- Source citation: Work cat.: (JO-AjAnu)19509: ايفلاند، ويلبر كرين؛ ترجمة حداد، علي, author, حبال من رمال : فشل امريكا في الشرق الاوسط